000 00812cam a2200265 4500
001 M2124
008 090401t1996 xxu||||| |||| 00| 0 eng d
035 _a(Sirsi) u36603
041 _aeng
050 _a333.0062
_c18
090 _aRICS 1996/50ABCD
110 _aRoyal Institution of Chartered Surveyors
_94900
245 _aMembers' accounts regulations - what they mean for livestock auctioneers
_bguidance note
250 _aRev. ed.
260 _aLondon
_bRICS
_c1996
300 _a11p.
_c30cm.
350 _a0
490 _aRICS Guidance Note
520 _aJanuary 1996 edition supersedes August 1995 edition
650 _aLIVESTOCK AUCTIONEERS
650 _aRICS MEMBERS' ACCOUNTS RULES
690 _aMANAGEMENT-BUSINESS MANAGEMENT-PROFESSIONAL PRACTICE
942 _n0
948 _c04/03/1997
999 _c90348
_d90348